000 00686nac a22002171u 4500
020 _a8189411365
082 0 0 _a621.3815
_bGOD
090 _c8372
_d8372
100 _aGodse, A. P.
245 1 0 _aElectronic devices and circuits /
_cA. P. Godse and U. A. Bakshi
250 _a2nd ed.
260 _a New Delhi:
_bS. K. Kataria & Sons,2003
_c2003.
300 _a1208 p. :
_bill. ;
_c29 cm.
500 _aIncludes index.
500 _adistributer: Al-Ahram
511 _acatalogued by: wessam
650 0 _aElectronic circuits.
650 0 _aElectronic apparatus and appliances.
700 _aBakshi, U. A.
942 _cBB
_k621.3815GOD
999 _c8372
_d8372